LEADER 01205nam 2200397 450 001 9910583341803321 005 20230120002745.0 010 $a0-12-812438-5 010 $a0-12-812437-7 035 $a(CKB)4100000005956448 035 $a(MiAaPQ)EBC5497275 035 $a(EXLCZ)994100000005956448 100 $a20180924d2019 uy 0 101 0 $aeng 135 $aurcnu|||||||| 181 $ctxt$2rdacontent 182 $cc$2rdamedia 183 $acr$2rdacarrier 200 10$aPlant flow measurement and control handbook $efluid, solid, slurry and multiphase flow /$fSwapan Basu 210 1$aLondon, United Kingdom :$cAcademic Press,$d[2019] 210 4$d©2019 215 $a1 online resource (1,290 pages) 320 $aIncludes bibliographical references and index. 606 $aFlow meters 606 $aFactories$xDesign and construction 615 0$aFlow meters. 615 0$aFactories$xDesign and construction. 676 $a681.28 700 $aBasu$b Swapan$0940280 801 0$bMiAaPQ 801 1$bMiAaPQ 801 2$bMiAaPQ 906 $aBOOK 912 $a9910583341803321 996 $aPlant flow measurement and control handbook$92221825 997 $aUNINA LEADER 01960nam 2200589 450 001 9910824677703321 005 20230807220736.0 035 $a(CKB)3880000000002349 035 $a(SSID)ssj0001483942 035 $a(PQKBManifestationID)12612020 035 $a(PQKBTitleCode)TC0001483942 035 $a(PQKBWorkID)11430019 035 $a(PQKB)11339432 035 $a(MiAaPQ)EBC3238285 035 $a(Au-PeEL)EBL3238285 035 $a(CaPaEBR)ebr11050741 035 $a(CaONFJC)MIL801694 035 $a(OCoLC)909896385 035 $a(EXLCZ)993880000000002349 100 $a20150515h20152015 uy 0 101 0 $aeng 135 $aurcnu|||||||| 181 $ctxt 182 $cc 183 $acr 200 10$aGIS research methods $eincorporating spatial perspectives /$fSheila Lakshmi Steinberg, Steven J. Steinberg 205 $aFirst edition. 210 1$aRedlands, Califronia :$cEsri Press,$d2015. 210 2$aLondon, England :$cEurospan Group,$d[date of distribution not identified] 210 4$d©2015 215 $a1 online resource (434 pages) $ccolor illustrations, photographs, maps 300 $aBibliographic Level Mode of Issuance: Monograph 311 $a1-58948-378-2 311 $a1-58948-404-5 320 $aIncludes bibliographical references at the end of each chapters and index. 606 $aGeographic information systems 606 $aGeographic information systems$xResearch 606 $aSpatial analysis (Statistics) 615 0$aGeographic information systems. 615 0$aGeographic information systems$xResearch. 615 0$aSpatial analysis (Statistics) 676 $a001.4/20285 686 $a001.420285 STE 700 $aSteinberg$b Sheila L.$01628960 702 $aSteinberg$b Steven J. 801 0$bMiAaPQ 801 1$bMiAaPQ 801 2$bMiAaPQ 906 $aBOOK 912 $a9910824677703321 996 $aGIS research methods$93966390 997 $aUNINA LEADER 03584nam 2200637 a 450 001 9910438240903321 005 20200520144314.0 010 $a1-283-93609-7 010 $a94-007-5357-8 024 7 $a10.1007/978-94-007-5357-0 035 $a(CKB)3400000000115819 035 $a(EBL)1030726 035 $a(OCoLC)822998731 035 $a(SSID)ssj0000810486 035 $a(PQKBManifestationID)11436550 035 $a(PQKBTitleCode)TC0000810486 035 $a(PQKBWorkID)10828255 035 $a(PQKB)10223459 035 $a(DE-He213)978-94-007-5357-0 035 $a(MiAaPQ)EBC1030726 035 $a(PPN)168340682 035 $a(EXLCZ)993400000000115819 100 $a20121218d2013 uy 0 101 0 $aeng 135 $aur|n|---||||| 181 $ctxt 182 $cc 183 $acr 200 00$aBayesian argumentation $ethe practical side of probability /$fFrank Zenker, editor 205 $a1st ed. 2013. 210 $aDordrecht [Netherlands] ;$aNew York $cSpringer$d2013 215 $a1 online resource (213 p.) 225 1 $aSynthese library : studies in epistemology, logic, methodology, and philosophy of science ;$vv. 362 300 $aDescription based upon print version of record. 311 $a94-007-9329-4 311 $a94-007-5356-X 320 $aIncludes bibliographical references and index. 327 $apt. 1. The Bayesian approach to argumentation -- pt. 2. The legal domain -- pt 3. Modeling rational agents -- pt. 4. Theoretical issues. 330 $aRelevant to, and drawing from, a range of disciplines, the chapters in this collection show the diversity, and applicability, of research in Bayesian argumentation. Together, they form a challenge to philosophers versed in both the use and criticism of Bayesian models who have largely overlooked their potential in argumentation. Selected from contributions to a multidisciplinary workshop on the topic held in Lund, Sweden, in autumn 2010, the authors count legal scholars and cognitive scientists among their number, in addition to philosophers. They analyze material that includes real-life court cases, experimental research results, and the insights gained from computer models. The volume provides a formal measure of subjective argument strength and argument force, robust enough to allow advocates of opposing sides of an argument to agree on the relative strengths of their supporting reasoning. With papers from leading figures such as Mike Oaksford and Ulrike Hahn, the book comprises recent research conducted at the frontiers of Bayesian argumentation and provides a multitude of examples in which these formal tools can be applied to informal argument. It signals new and impending developments in philosophy, which has seen Bayesian models deployed in formal epistemology and philosophy of science, but has yet to explore the full potential of Bayesian models as a framework in argumentation. In doing so, this revealing anthology looks destined to become a standard teaching text in years to come. 410 0$aSynthese library ;$vv. 362. 606 $aBayesian statistical decision theory 606 $aEvidence (Law) 606 $aEvidence, Criminal 615 0$aBayesian statistical decision theory. 615 0$aEvidence (Law) 615 0$aEvidence, Criminal. 676 $a519.5/42 676 $a519.542 701 $aZenker$b Frank$01752501 801 0$bMiAaPQ 801 1$bMiAaPQ 801 2$bMiAaPQ 906 $aBOOK 912 $a9910438240903321 996 $aBayesian argumentation$94187822 997 $aUNINA